| 000 | 00734nam a2200265Ia 4500 | ||
|---|---|---|---|
| 008 | 160803s9999 xx 000 0 und d | ||
| 020 | _a9780545642040 | ||
| 100 | _aPulver, Robin | ||
| 245 | 4 | _aThe case of the incapacitated capitals / | |
| 245 | _cby Robin Pulver ; illustrated by Lynn Rowe Reed. | ||
| 260 | _aNew York : | ||
| 260 | _bScholastic Inc. | ||
| 260 | _c2012 | ||
| 300 | _a[32] unnumbered page : | ||
| 300 | _bcolor illustrations ; | ||
| 300 | _c24 cm. | ||
| 500 | _aOriginally published: New York : Holiday House, Inc., c 2012. | ||
| 650 | _aAlphabet -- | ||
| 650 | _aSchools -- | ||
| 650 | _aTeachers -- | ||
| 650 | _xFiction. | ||
| 650 | _xFiction. | ||
| 650 | _xFiction. | ||
| 700 | _a480 | ||
| 999 |
_c299647 _d299647 |
||